| 000 | 00779nam a22001817a 4500 | ||
|---|---|---|---|
| 003 | OSt | ||
| 005 | 20250715101016.0 | ||
| 008 | 250605b |||||||| |||| 00| 0 eng d | ||
| 040 |
_aNIRU _bEN _cNIRU |
||
| 050 |
_aQA 76.9.A25 _b .K37 2023 |
||
| 100 |
_aKaroki, George Kiarie _eAuthor |
||
| 245 |
_aCyber espionage threat and vulnerabilities in e-government in Kenya: a case study of the directorate of immigration services _cGeorge Kiarie Karoki |
||
| 260 |
_aNairobi, Kenya _bNational Intelligence Research University _c2023 |
||
| 300 |
_a113p. _bill. |
||
| 500 | _aThesis [Master of Arts in Intelligence Security and Policy Studies] | ||
| 650 |
_2cyber espionage _aDirectorate of immigration services _ve- government _xthreats _ycyber attacks _zcomputer security |
||
| 942 |
_2lcc _cTHESIS _n0 |
||
| 999 |
_c564 _d564 |
||